Colour television : (Record no. 11173)

000 -LEADER
fixed length control field 00684nam a22002297a 4500
003 - CONTROL NUMBER IDENTIFIER
control field OSt
005 - DATE AND TIME OF LATEST TRANSACTION
control field 20190220155030.0
008 - FIXED-LENGTH DATA ELEMENTS--GENERAL INFORMATION
fixed length control field 160604b xxu||||| |||| 00| 0 eng d
010 ## - LIBRARY OF CONGRESS CONTROL NUMBER
LC control number 123793690
020 ## - INTERNATIONAL STANDARD BOOK NUMBER
International Standard Book Number 8122400086
020 ## - INTERNATIONAL STANDARD BOOK NUMBER
International Standard Book Number 9788122400083
040 ## - CATALOGING SOURCE
Original cataloging agency MUC
050 ## - LIBRARY OF CONGRESS CALL NUMBER
Classification number TK 6670
Item number .G85 1992
100 ## - MAIN ENTRY--PERSONAL NAME
Personal name Gulati, R. R
245 ## - TITLE STATEMENT
Title Colour television :
Remainder of title principles and practice/
260 ## - PUBLICATION, DISTRIBUTION, ETC. (IMPRINT)
Place of publication, distribution, etc. New Delhi:
Name of publisher, distributor, etc. New Age International (P) ltd publishers,
Date of publication, distribution, etc. 1992.
300 ## - PHYSICAL DESCRIPTION
Extent xi, 553 p. :
Other physical details ill.;
Dimensions 24 cm
504 ## - BIBLIOGRAPHY, ETC. NOTE
Bibliography, etc Includes index.
650 ## - SUBJECT ADDED ENTRY--TOPICAL TERM
Topical term or geographic name as entry element Television.
650 ## - SUBJECT ADDED ENTRY--TOPICAL TERM
Topical term or geographic name as entry element Colour television.
942 ## - ADDED ENTRY ELEMENTS (KOHA)
Source of classification or shelving scheme
Koha item type Short Loan Books
Classification part TK 6670 .G85 1992
Koha issues (borrowed), all copies 8
Holdings
Withdrawn status Lost status Source of classification or shelving scheme Damaged status Not for loan Home library Current library Shelving location Date acquired Source of acquisition Total Checkouts Full call number Barcode Date last seen Date last checked out Price effective from Koha item type
          MACHAKOS UNIVERSITY LIBRARY MACHAKOS UNIVERSITY LIBRARY Open shelf 04/06/2016 purchased 9 TK 6670 .G85 1992 1442 04/06/2019 22/07/2017 04/06/2016 Hard Covered Materials
© Machakos University Library, Along The Highway, Machakos Wote Rd, Machakos, Kenya P.O. Box 136 - 90100 Machakos - Kenya

Tel: ( +254 ) 723 805829 OR Fax : 044-20353 OR Email: library@mksu.ac.ke